00350nam a22001217a 450000500170000002000230001703500120004003700130005210000220006524500890008726000330017630000190020920120424125019.0 a8178241196c295.00 aB-88304 aDPLbENG aRobinson, Francis aThe Ulama of farangi mahall and islamic culture in South Asia /cby Francis Robinson aDelhibPermanent Blackc2005 a267p.c20 cms.